Statistics for Countries Population Tour

Click here to take the quiz!

General Stats

  • This quiz has been taken 26 times
  • The average score is 7 of 9

Answer Stats

PopulationCountry% Correct
1,836,978Kosovo
88%
2,886,026Albania
83%
1,297,540,000India
79%
79,142,000Turkey
79%
1,379,060,000China
75%
10,858,018Greece
75%
79,576,000Iran
75%
194,406,000Pakistan
75%
2,071,278Macedonia
71%

Score Distribution

Percentile by Number Answered

Percent of People with Each Score

Your Score History

You have not taken this quiz